[Event "MCR mladeze 2019 - H14"]
[Site "Kouty nad Desnou"]
[Date "2019.03.15"]
[Round "8"]
[White "Dudek, Vojtech"]
[Black "Vylicil, Adam"]
[Result "1-0"]
[WhiteElo "2025"]
[BlackElo "1468"]
[EventDate "2019.03.09"]

1. e4  e6  2. d4  d5
3. Nc3  Bb4  4. e5
c5  5. a3  Ba5
6. Qg4  Kf8  7. dxc5  Bxc3+
8. bxc3  Nc6  9. Nf3
Qa5  10. Bd2  Qxc5
11. Bd3  Nge7  12. O-O
Bd7  13. Rfe1  Rc8
14. Re3  Nf5  15. Ree1
Nce7  16. c4  a5
17. cxd5  exd5  18. e6
Bxe6  19. Ng5  Bd7
20. Rxe7  Nxe7  21. Qxd7
g6  22. Re1  Rc7
23. Ne4  dxe4  24. Bh6+
1-0

[Event "MCR mladeze 2019 - H14"]
[Site "Kouty nad Desnou"]
[Date "2019.03.15"]
[Round "8"]
[White "Prochazka, Vojtech"]
[Black "Petricek, Lukas"]
[Result "1/2-1/2"]
[WhiteElo "1686"]
[BlackElo "1879"]
[EventDate "2019.03.09"]

1. e4  c5  2. Nf3  d6
3. d4  cxd4  4. Nxd4
Nf6  5. Nc3  a6
6. Be3  e6  7. g4  e5
8. Nf5  h5  9. g5
Nxe4  10. Nxg7+  Bxg7
11. Nxe4  d5  12. Ng3
d4  13. Bd2  Qd5
14. Rg1  Bg4  15. Be2
Nd7  16. f3  h4
17. Ne4  Bh5  18. c4  Qe6
19. Qb3  O-O-O  20. O-O-O
Bf8  21. Ba5  b6
22. Bb4  Nc5  23. Bxc5
bxc5  24. Qa3  Qc6
25. Rd3  Be7  26. Rb3
Rd7  27. Qa5  Rb7
28. Ra3  Rb6  29. Qe1
Bg6  30. Rg4  Bxe4
31. fxe4  Rg8  32. Qxh4
Qb7  33. Rb3  Rxb3
34. axb3  Qxb3  35. Rg3
Qb6  36. Qg4+  Kc7
37. Qf5  Qg6  38. h4
Kd6  39. Ra3  Ra8
40. Bg4  Qxf5  41. Bxf5
Kc7  42. Rh3  Rh8
43. Kd2  Rxh4  44. Rxh4
Bxg5+  45. Kc2  Bxh4
46. b3  Kb6  47. Bg4
Ka5  48. Bc8  Be1
49. Kd3  Kb4  50. Bxa6
Kxb3  51. Bc8  Bb4
52. Bf5  Kb2  53. Bc8
Kc1  54. Bg4  Bc3
55. Bc8  Kd1  56. Bg4+
Ke1  57. Bc8  Kf2
58. Bf5  Kf3  59. Bc8
Kf4  60. Bf5  f6
1/2-1/2

[Event "MCR mladeze 2019 - H14"]
[Site "Kouty nad Desnou"]
[Date "2019.03.15"]
[Round "8"]
[White "Hlavina, Matous"]
[Black "Jares, Michal"]
[Result "0-1"]
[WhiteElo "1985"]
[BlackElo "1950"]
[EventDate "2019.03.09"]

1. e4  c5  2. Nf3  d6
3. d4  cxd4  4. Nxd4
Nf6  5. Nc3  g6
6. g3  Bg7  7. Bg2  O-O
8. O-O  Bg4  9. Nde2
Nc6  10. h3  Bd7
11. Be3  Na5  12. Bd4
e5  13. Be3  Nc4
14. Bc1  Bc6  15. b3
Nb6  16. Ba3  Ne8
17. Qd2  f5  18. exf5
gxf5  19. Rad1  Rf6
20. Nd5  Rg6  21. c4
Nxd5  22. Bxd5+  Kh8
23. Kh2  f4  24. Nc3
Bh6  25. Qe2  Ng7
26. Bb2  Nf5  27. Rd3
Nd4  28. Qd1  Qd7
29. Bxc6  bxc6  30. Ne2
c5  31. Nc3  Rag8
32. Ne4  Qf5  33. Qe1
f3  34. g4  Bf4+
35. Kh1  Rxg4  36. Nxd6
Rg1+  0-1

[Event "MCR mladeze 2019 - H14"]
[Site "Kouty nad Desnou"]
[Date "2019.03.15"]
[Round "8"]
[White "Sedy, Matej"]
[Black "Skypala, Ondrej"]
[Result "0-1"]
[WhiteElo "1367"]
[BlackElo "2013"]
[EventDate "2019.03.09"]

1. e4  e6  2. d4  d5
3. Nd2 Nf6 4. Bd3  c5  5. e5
Nfd7  6. c3  Nc6
7. Ne2  cxd4  8. cxd4
f6  9. exf6  Nxf6
10. Nf3  Bd6  11. Bf4
O-O  12. O-O  Qc7
13. g3  Bd7  14. Rc1
Rae8  15. Re1  Qb8
16. Bxd6  Qxd6  17. Bb5
Ne4  18. Nc3  Nxc3
19. Rxc3  Nb4  20. Bxd7
Qxd7  21. Ne5  Qd6
22. Rb3  b6  23. Qd2
Nc6  24. Rc3  Nxe5
25. Rxe5  Rf6  26. Qc2
Ref8  27. f4  Qb4
28. Rd3  h6  29. a3
Qe7  30. Qd1  Qe8
31. Rde3  Qg6  32. Kh1
Rc8  33. Re2  Rc6
34. Qf1  Qd3  35. Qf2
Rc1+  36. Re1  Rc4
37. Rxe6  Rxe6  38. Rxe6
Rc2  39. Qe3  Qf1+
40. Qg1  Qf3+  41. Qg2
Qxg2#  0-1

[Event "MCR mladeze 2019 - H14"]
[Site "Kouty nad Desnou"]
[Date "2019.03.15"]
[Round "8"]
[White "Flajsman, Petr"]
[Black "Nezval, Filip"]
[Result "1/2-1/2"]
[WhiteElo "1826"]
[BlackElo "1847"]
[EventDate "2019.03.09"]

1. e4  e5 2. Nc3  Nc6  3. Nf3
Bb4  4. Nd5  Ba5
5. c3  d6  6. Bc4
Nf6  7. d3  Nxd5
8. Bxd5  Bb6  9. h3
h6  10. Be3  Be6
11. Qb3  Qd7  12. Bxb6
axb6  13. c4  O-O
14. O-O  Kh8  15. Kh2
Kh7  16. Qd1  f5
17. Bxe6  Qxe6  18. exf5
Qxf5  19. a3  Qf4+
20. Kh1  Nd4  21. Nxd4
Qxd4  22. Qe2  Rf4
23. f3  Raf8  24. g3
R4f7  25. Kg2  g6
26. Rad1  h5  27. Qf2
Qxf2+  28. Rxf2  g5
29. Re1  g4  30. hxg4
hxg4  31. Ref1  Kg6
32. fxg4  1/2-1/2

[Event "MCR mladeze 2019 - H16"]
[Site "Kouty nad Desnou"]
[Date "2019.03.15"]
[Round "8"]
[White "Mica, Marek"]
[Black "Fojt, Petr"]
[Result "0-1"]
[WhiteElo "2240"]
[BlackElo "2058"]
[EventDate "2019.03.09"]

1. d4  Nf6  2. c4  e6
3. Nf3  c5  4. d5
b5  5. dxe6  fxe6
6. cxb5  d5  7. e3
Bd6  8. Nc3  O-O
9. Be2  Bb7  10. O-O
Nbd7  11. Qb3  Qe7
12. Rd1  Rae8  13. Qa4
Ne4  14. Qc2  Ndf6
15. Nxe4  Nxe4  16. b3
Rf5  17. Rd3  Ref8
18. Bd1  g5  19. h3
h5  20. Qe2  g4
21. hxg4  hxg4  22. Nh2  Bxh2+
23. Kxh2  Qh4+  24. Kg1
Nxf2  25. Qxg4+  Nxg4
26. Bxg4  Rf1#  0-1

[Event "MCR mladeze 2019 - H16"]
[Site "Kouty nad Desnou"]
[Date "2019.03.15"]
[Round "8"]
[White "Krizek, Krystof"]
[Black "Martirosyan, Ara"]
[Result "0-1"]
[WhiteElo "1804"]
[BlackElo "1885"]
[EventDate "2019.03.09"]

1. e4  c5  2. Nf3  Nc6
3. Bb5  g6  4. Bxc6
dxc6  5. h3  Bg7
6. Nc3  Nh6  7. O-O
f6  8. d3  Nf7
9. Be3  b6  10. Qd2  e5
11. Nh2  O-O  12. f4
exf4  13. Bxf4  Be6
14. Rf2  Qe7  15. Re1
Rad8  16. Be3  Ne5
17. b3  c4  18. d4
Qb4  19. Nb1  Qe7
20. Qc3  Nf7  21. bxc4
Nd6  22. Nd2  b5
23. d5  Bf7  24. Qa3
bxc4  25. Nxc4  Rfe8
26. Nxd6  Qxd6  27. Qxd6
Rxd6  28. Bf4  Rxd5
29. a3  Ra5  30. Bd6
f5  31. Nf3  fxe4
32. Bb4  Rd5  33. Rfe2
a5  34. c4  Rdd8
35. Bxa5  exf3  0-1

[Event "MCR mladeze 2019 - H16"]
[Site "Kouty nad Desnou"]
[Date "2019.03.15"]
[Round "8"]
[White "Placer, Sebastian"]
[Black "Szotkowski, David"]
[Result "1-0"]
[WhiteElo "1947"]
[BlackElo "1709"]
[EventDate "2019.03.09"]

1. d4  Nf6  2. c4  c5
3. d5  b5  4. cxb5
a6  5. bxa6  g6
6. Nc3  Bxa6  7. e4  Bxf1
8. Kxf1  d6  9. Nf3
Bg7  10. g3  O-O
11. Kg2  Nbd7  12. a4
Ra6  13. Qc2  Qa8
14. Nb5  Rc8  15. Bd2
e6  16. dxe6  fxe6
17. Rhe1  d5  18. exd5
exd5  19. Ra2  Ne4
20. Bf4  Qc6  21. Nd2
Nxd2  22. Qxd2  Nb6
23. Nd6  Rd8  24. Qe2
Ra7  25. Qe6+  Kf8
26. Ra3  d4+  27. Rf3
1-0

[Event "MCR mladeze 2019 - H16"]
[Site "Kouty nad Desnou"]
[Date "2019.03.15"]
[Round "8"]
[White "Stinka, Jakub"]
[Black "Polansky, Adam Lubos"]
[Result "1/2-1/2"]
[WhiteElo "2196"]
[BlackElo "2018"]
[EventDate "2019.03.09"]

1. d4  d5  2. c4  e6
3. Nc3  Nf6  4. cxd5
exd5  5. Bg5  Be7
6. e3  c6  7. Bd3
Nbd7  8. Nge2  h6
9. Bh4  Nh5  10. Bxe7
Qxe7  11. Qc2  Nb6
12. O-O-O  Bd7  13. h3
O-O-O  14. g4  Nf6
15. Ng3  h5  16. Nf5
Bxf5  17. gxf5  Rde8
18. Rhg1  Rh7  19. h4
Kb8  20. Rg5  Ne4
21. Bxe4  dxe4  22. Qe2
g6  23. fxg6  fxg6 24. Rdg1
Qf6  25. Qc2  Rhe7
26. Kb1  Re6  27. b3
Qd8  28. Rc1  R8e7
29. Rd1  Nd5  30. Nxd5
cxd5  31. Rdg1  Rc7
32. Qd2  Rcc6  33. Rc1
Qd7  34. Rc5  Red6
35. Qb4  Qh3  36. Qd2
Qf1+  37. Rc1  Rxc1+
38. Qxc1  Qxf2  39. Qg1
Qf7  40. Qg3  Kc7
41. Qh2  Kc6 42. Rg1 1/2-1/2

[Event "MCR mladeze 2019 - H16"]
[Site "Kouty nad Desnou"]
[Date "2019.03.15"]
[Round "8"]
[White "Hofman, Krystof"]
[Black "Nemec, David"]
[Result "1/2-1/2"]
[WhiteElo "2012"]
[BlackElo "1895"]
[EventDate "2019.03.09"]

1. Nf3  Nf6  2. g3  d5
3. Bg2  Nbd7  4. d4
e6  5. O-O  Bd6
6. b3  O-O  7. Bb2  Re8
8. c4  c6  9. Nc3
Qe7  10. e3  dxc4
11. bxc4  e5  12. d5
cxd5  13. cxd5  a6
14. Nd2  b5  15. Nce4
Nxe4  16. Nxe4  Bb7
17. Qb3  Nc5  18. Nxc5
Bxc5  19. Rac1  Bd6
20. e4  Bc8  21. f4
f6  22. fxe5  fxe5
23. Rc3  Bd7  24. Rcf3
Rf8  25. Rxf8+  Rxf8
26. Rxf8+  Kxf8  27. Qf3+
Kg8  28. Qf1  g5
29. Qd1  g4  30. Qc1
Kg7  31. Qd2  Qf6
32. Bc3  Qe7  33. Bb2 1/2-1/2

[Event "MCR mladeze 2019 - H16"]
[Site "Kouty nad Desnou"]
[Date "2019.03.15"]
[Round "8"]
[White "Vorisek, Jakub"]
[Black "Volak, Simon"]
[Result "1/2-1/2"]
[WhiteElo "2077"]
[BlackElo "1843"]
[EventDate "2019.03.09"]

1. e4  c6  2. d4  d5
3. exd5  cxd5  4. c4
Nf6  5. Nc3  e6
6. c5  b6  7. b4  Be7
8. Nf3  a5  9. Na4
Nbd7  10. Bb5  O-O
11. Bf4  Nh5  12. Bg3
Nxg3  13. hxg3  axb4
14. Qc2  g6  15. Bxd7
Bxd7  16. Nxb6  Rb8
17. Nxd7  Qxd7  18. O-O
Bf6  19. Rfb1  Qb5
20. Rb3  Qa5  21. Rab1
Ra8  22. R1b2  Rfe8
23. Rxb4  e5  24. dxe5
Bxe5  25. Nxe5  Rxe5
26. c6  Rc8  27. Ra4
Qe1+  28. Kh2  Rh5+
29. Rh4  Rxh4+  30. gxh4
Qe5+  31. g3  Rxc6
32. Qxc6  Qxb2  33. Qxd5
Qxf2+  34. Qg2  Qd4
35. Qa8+  Kg7  36. a4
Qf2+  37. Qg2  Qb6
38. Qa2  h5  39. a5
Qa6  40. Qb2+  Kh7
41. Qe5  Qf1  42. Qc5 1/2-1/2

[Event "MCR mladeze 2019 - H16"]
[Site "Kouty nad Desnou"]
[Date "2019.03.15"]
[Round "8"]
[White "Barak, David"]
[Black "Pavlicek, Lukas"]
[Result "1-0"]
[WhiteElo "2019"]
[BlackElo "2003"]
[EventDate "2019.03.09"]

1. d4  Nf6  2. c4  g6
3. Nc3  Bg7  4. e4
d6  5. Nf3  O-O
6. Be2  e5  7. d5  a5
8. h3  Na6  9. Bg5
h6  10. Be3  Nd7
11. g4  Ndc5  12. Rg1
Kh7  13. Qd2  Bd7
14. h4  b6  15. h5
g5  16. Nh2  Na4
17. Nxa4  Bxa4  18. f3
Nc5  19. Kf2  Bd7
20. b3  Re8  21. Qc2
Bf8  22. Rgb1  Ra7
23. Nf1  Qe7  24. Nd2
Rea8  25. Rc1  f6
26. Nb1  Be8  27. Nc3
Rb8  28. Rcb1  Raa8
29. a3  Kg7  30. Ra2
Kh7  31. Rba1  Nb7
32. Bd1  Bd7  33. Rb1
Qe8  34. Be2  Qe7
35. Rab2  Qe8  36. Kg2
Kg7  37. Qd2  Kh7
38. Qc2  Kg7  39. Rc1
Qe7  40. Ra2  Be8
41. b4  Kh7  42. Nd1
Kg7  43. Nf2  Rd8
44. Nd3  Rac8  45. Rb2
Kf7  46. Qc3  Ra8
47. Bd1  Rac8  48. Bb3
Kg7  49. Qc2  Rb8
50. Kf2  Rdc8  51. Ba4
Bxa4  52. Qxa4  Qe8
53. Qxe8  Rxe8  54. Rbc2
Kf7  55. c5  dxc5
56. bxc5  Nxc5  57. Bxc5
bxc5  58. Nxc5  Rbc8
59. Nb7  Bxa3  60. Rxc7+
Rxc7  61. Rxc7+  Re7
62. d6  Bxd6  63. Nxd6+
Ke6  64. Rxe7+  Kxe7
65. Nc4  a4  66. Ke3
Kd7  67. Nb6+ 1-0

[Event "MCR mladeze 2019 - H16"]
[Site "Kouty nad Desnou"]
[Date "2019.03.15"]
[Round "8"]
[White "Novotny, Ondrej"]
[Black "Glozar, Petr"]
[Result "0-1"]
[WhiteElo "1933"]
[BlackElo "1883"]
[EventDate "2019.03.09"]

1. e4  c6  2. d4  d5
3. e5  Bf5  4. Nf3
e6  5. Be2  Ne7
6. O-O  Nd7  7. b3  c5
8. c4  Nc6  9. cxd5
exd5  10. Nc3  Nb6
11. Bg5  Be7  12. dxc5
Bxg5  13. Nxg5  Qxg5
14. cxb6  O-O  15. f4
Qg6  16. Nb5  Nb4
17. Qd2  Nc2  18. Rac1
Qxb6+  19. Kh1  Ne3
20. Rf3  Ng4  21. Nd4
Qh6  22. h3  Be4
23. Qe1  Bxf3  24. Bxf3
Qxf4  25. Bxg4  Qxd4
26. Rc7  Rae8  0-1

[Event "MCR mladeze 2019 - H16"]
[Site "Kouty nad Desnou"]
[Date "2019.03.15"]
[Round "8"]
[White "Zeman, Daniel"]
[Black "Ocko, Dominik"]
[Result "0-1"]
[WhiteElo "1804"]
[BlackElo "1914"]
[EventDate "2019.03.09"]

1. c4  c5  2. g3  Nc6
3. Bg2  g6  4. Nc3
Bg7  5. Nf3  e5
6. d3  Nge7  7. O-O  O-O
8. e4  d6  9. Ne1
f5  10. f4  Nd4
11. Nc2  Nec6  12. Nxd4  Nxd4
13. Be3  Rb8  14. Rc1
b5  15. cxb5  Nxb5
16. Qb3+  Kh8  17. a4
Nxc3  18. Qxb8  Ne2+
19. Kh1  Nxc1  20. Rxc1
Qb6  21. Qxb6  axb6
22. b3  Bb7  23. exf5
Bxg2+  24. Kxg2  Rxf5
25. fxe5  Rxe5  26. Kf3
Rd5  27. Ke2  Re5
28. Kf3  Rxe3+  29. Kxe3
Bh6+  30. Ke4  Bxc1
31. Kd5  Kg7  32. Kxd6
Be3  33. Kc6  Kf6
0-1

[Event "MCR mladeze 2019 - H16"]
[Site "Kouty nad Desnou"]
[Date "2019.03.15"]
[Round "8"]
[White "Kucera, Tomas"]
[Black "Travnicek, Krystof Mikulas"]
[Result "1/2-1/2"]
[WhiteElo "1904"]
[BlackElo "1968"]
[EventDate "2019.03.09"]

1. c4  c6  2. d4  d5
3. e3  Nf6  4. Nc3
e6  5. Nf3  Nbd7
6. Bd3  dxc4  7. Bxc4
b5  8. Bb3  b4
9. Nb1  Ba6  10. Nbd2  Be7
11. Nc4  O-O  12. O-O
Nb6  13. Nfe5  Rc8
14. Qf3  Nxc4  15. Bxc4
Bxc4  16. Nxc4  Qd5
17. b3  Qxf3  18. gxf3
Nd5  19. Bb2  1/2-1/2

[Event "MCR mladeze 2019 - H16"]
[Site "Kouty nad Desnou"]
[Date "2019.03.15"]
[Round "8"]
[White "Tajovsky, Matej"]
[Black "Hurtik, Matej"]
[Result "1/2-1/2"]
[WhiteElo "1810"]
[BlackElo "1959"]
[EventDate "2019.03.09"]

1. e4  d5  2. exd5  Qxd5
3. d4  Nf6  4. c4
Qe4+  5. Be3  e5
6. Nf3  Bb4+  7. Nbd2
exd4  8. Nxd4  O-O
9. Be2  Qxg2  10. Bf3
Qh3  11. Qe2  c5
12. N4b3  Re8  13. O-O-O
a5  14. a3  a4
15. Na1  Bxd2+  16. Rxd2  Bg4
17. Bxg4  Nxg4  18. Bf4
Nc6  19. Qd1  Re4
20. Bd6  Rxc4+  21. Nc2
Nd4  22. Kb1  Nxc2
23. Bxc5  h6  24. Rxc2
Rxc2  25. Qxc2  Qf3
26. Rg1  Rc8  27. Qxa4
Nxf2  28. Bxf2  Qxf2
29. Rxg7+  Kxg7  30. Qg4+
Kf6  31. Qxc8  Qe1+
32. Kc2  Qe4+  33. Kc3
Qe5+  34. Kb3  Qe6+
35. Qxe6+  Kxe6  36. Kc4
Ke5  37. Kd3  Kd5
38. b3  Ke5  39. Ke3
b6  40. a4  1/2-1/2

[Event "MCR mladeze 2019 - H16"]
[Site "Kouty nad Desnou"]
[Date "2019.03.15"]
[Round "8"]
[White "Nytra, Ondrej"]
[Black "Kubice, Jakub"]
[Result "0-1"]
[WhiteElo "1998"]
[BlackElo "1605"]
[EventDate "2019.03.09"]

1. e4  e5  2. Nf3  Nf6
3. Nxe5  d6  4. Nf3
Nxe4  5. d4  d5
6. Bd3  Bd6  7. O-O  O-O
8. c4  c6  9. Qc2
Re8 10. Nc3  Bf5  11. c5
Bc7  12. b4  Nd7
13. b5  Bg6  14. a4 Ndf6 15. h3
Ba5  16. Ne2  Qe7
17. Ne5  Nd7  18. Nxg6
hxg6  19. Bf4  g5
20. Bh2  Ndf6  21. f3
Nd2  22. Rf2  Qe3
23. Be5  Nh5  24. Ra3 Kh8
25. Qc1  Bb4  26. Rb3
Ba5  27. Bc2 Rxe5  28. Rxe3
Rxe3  29. Kh2  Rae8 30. Bd1
Nc4  31. f4  Be1
32. Rf1  Rxe2  33. Bxe2
Bg3+  34. Kg1  Rxe2
35. Qd1  Rxg2+  36. Kh1
Rh2+  37. Kg1  Nxf4
38. Rxf4 Bxf4  39. Qh5+  Kg8
40. Qg4  Ne3  0-1

[Event "MCR mladeze 2019 - FIDE Open"]
[Site "Kouty nad Desnou"]
[Date "2019.03.15"]
[Round "8"]
[White "Sikorova, Olga"]
[Black "Nagy, Ladislav"]
[Result "1/2-1/2"]
[WhiteElo "2241"]
[BlackElo "1923"]
[EventDate "2019.03.09"]

1. Nf3  c5  2. c4  Nc6
3. g3  e5  4. Nc3
d6  5. Bg2  f5
6. O-O  Nf6  7. d3  g6
8. Ne1  Bg7  9. Nc2
O-O  10. Ne3  f4
11. Ned5  g5  12. a3
Bg4  13. h3  Bh5
14. g4  Be8  15. Nxf6+
Bxf6  16. Bd5+  Kg7
17. f3  Rb8  18. Rb1
Nd4  19. b4  b6
20. b5  Bf7  21. a4  h5
22. Kf2  hxg4  23. hxg4
Rh8  24. Rh1  Qd7
25. Bb2  Rxh1  26. Qxh1
Rh8  27. Qg2  Qe8
28. Rh1  Bg6  29. Rh3
Rxh3  30. Qxh3  Qh8
31. Qxh8+  Kxh8  32. Be4
Bf7  33. Nd1  Nc2
34. Bc3  Kg7  35. a5
Bd8  36. a6  Bf6
37. Bd2  Be6  38. Nc3
Bf7  39. Na4  Bd8
40. Nc3  Be7  41. Bd5
Bg6  42. Bc6  Bf7
43. Ne4  Bg6  44. Nc3
Bf7  45. Na4  Bd8
46. Ba5  bxa5  47. b6
Bxb6  48. Nxb6  Nb4
49. Bb5  Nxa6  50. Nc8
Nc7  1/2-1/2

[Event "MCR mladeze 2019 - FIDE Open"]
[Site "Kouty nad Desnou"]
[Date "2019.03.15"]
[Round "8"]
[White "Londin, Simon"]
[Black "Langner, Ladislav"]
[Result "0-1"]
[WhiteElo "2125"]
[BlackElo "2382"]
[EventDate "2019.03.09"]

1. e4  c5  2. Nc3  Nc6
3. f4  g6  4. Nf3
Bg7  5. Bb5  Nd4
6. O-O  Nxb5  7. Nxb5
d6  8. d3  Nf6
9. Nc3  O-O  10. Qe1  e6
11. Qh4  Nh5  12. Qxd8
Rxd8  13. e5  Bf8
14. g4  Ng7  15. Ne4
Ne8  16. exd6  b6
17. Ne5  f6  18. d7
Bxd7  19. Nxd7  Rxd7
20. f5  exf5  21. gxf5
g5  22. b3  Kf7
23. Bb2  Be7  24. Rae1  Nd6
25. Nc3  Re8  26. Nd5
Bd8  27. Re6  Rxe6
28. fxe6+  Kxe6  29. Nxf6
Re7  30. Ng4  h5
31. Nf6  h4  32. Ng4
Kd7  33. Ne5+  Kc7
34. Rf8  Re6  35. Ng4
Be7  36. Rf2  b5
37. c4  bxc4  38. dxc4
Re1+  39. Rf1  Re2
40. Rf2  Re1+  41. Rf1
Re4  42. h3  Kd7
43. Rf2  Ke6  44. Kf1
Nf5  45. Rd2  Bd6
46. Kf2  Ng3  47. a3
Bc7  48. Rc2  Nh5
49. Bc1  Bf4  50. Bxf4
Nxf4  51. Rc3  Nxh3+
52. Rxh3  Rxg4  53. Rc3
Rd4  54. b4  g4
55. b5  Rd2+  56. Kg1  Kf5
57. Kf1  h3  58. Kg1
Kf4  59. a4  g3
60. Rc1  Rg2+  61. Kh1  Ra2
62. Rf1+  Kg4  63. Re1
Rxa4  64. Rc1  Ra2
65. Kg1  Kf3  66. Rc3+
Kf4  67. Rc1  Rd2
68. Rf1+  Ke3  69. Ra1
Rc2  70. Re1+  Kf3
71. Rf1+  Kg4  72. Ra1
Rxc4  73. Rd1  Rd4
74. Ra1  c4  75. Rc1
c3  76. Kf1  h2
77. Kg2  Rd2+  78. Kh1  c2
0-1

[Event "MCR mladeze 2019 - FIDE Open"]
[Site "Kouty nad Desnou"]
[Date "2019.03.15"]
[Round "8"]
[White "Pycha, Patrik"]
[Black "Hanl, Frantisek"]
[Result "1/2-1/2"]
[WhiteElo "2027"]
[BlackElo "2137"]
[EventDate "2019.03.09"]

1. e4  c6  2. d4  d5
3. exd5  cxd5  4. c4
Nc6  5. Nf3  Nf6
6. Nc3  e6  7. Bg5
Be7  8. c5  O-O
9. Bb5  a6  10. Ba4  b5
11. Bc2  b4  12. Ne2
Ne4  13. Bxe7  Qxe7
14. O-O  e5  15. dxe5
Nxe5  16. Bxe4  dxe4
17. Nxe5  Qxe5  18. Qd4
Re8  19. Rac1  Bg4
20. Qxe5  Rxe5  21. Rfe1
Rc8  22. h3  Bxe2
23. Rxe2  f5  24. f3
Rexc5  25. Rxc5  Rxc5
26. fxe4  Re5  27. Kf2
f4  28. Kf3  g5
29. h4  h6  30. hxg5  hxg5
31. g3  fxg3  32. Kxg3
Ra5  33. b3  Kf7
34. Kf3  Rc5  35. Ke3
Ke6  1/2-1/2

[Event "MCR mladeze 2019 - FIDE Open"]
[Site "Kouty nad Desnou"]
[Date "2019.03.15"]
[Round "8"]
[White "Bares, Jachym"]
[Black "Lorenc, Tomas"]
[Result "0-1"]
[WhiteElo "2022"]
[BlackElo "2173"]
[EventDate "2019.03.09"]

1. e4  d5  2. exd5  Qxd5
3. Nc3  Qd6  4. d4
a6  5. Nge2  Nf6
6. Bf4  Qb6  7. Na4
Qc6  8. c4  e6
9. Ng3  Bb4+  10. Nc3  Nbd7
11. Be2  Nb6  12. O-O
Bxc3  13. bxc3  Nxc4
14. Qd3  Nd5  15. Nh5
b5  16. Nxg7+  Kd7
17. Bf3  Rg8  18. Nh5
Rg6  19. Rfe1  Bb7
20. Bxd5  Qxd5  21. Qxg6
hxg6  22. Nf6+  Kc8
23. Nxd5  Bxd5  24. Re2
Nb6  25. f3  Kd7
26. Kf2  Bc4  27. Rc2
a5  28. h4  Rh8
29. Rh1  Nd5  30. Bd2  f5
31. g4  fxg4  32. fxg4
Nf6  33. Kg3  Ne4+
34. Kf4  Rf8+  35. Ke3
Ng3  36. Rg1  Nf1+
37. Ke4  Rf2  38. Rxf1
Bxf1  39. h5  gxh5
40. gxh5  Rh2  41. h6
Bh3  42. Kf3  Bf5
43. Rb2  Kc6  44. Kg3
Rh3+  45. Kg2  Rd3
46. Kf2  a4  47. a3
Rh3  48. Ke2  Rh1
49. Bf4  Ra1  50. Ke3
Rxa3  51. d5+  exd5
52. Kd4  Ra1  53. Rg2
a3  54. Rg7  a2
55. Rxc7+  Kb6  0-1

[Event "MCR mladeze 2019 - FIDE Open"]
[Site "Kouty nad Desnou"]
[Date "2019.03.15"]
[Round "8"]
[White "Bochnicka, Vladimir"]
[Black "Novotna, Tereza"]
[Result "0-1"]
[WhiteElo "2149"]
[BlackElo "1846"]
[EventDate "2019.03.09"]

1. e4  d5  2. exd5  Nf6
3. Nf3  Qxd5  4. Nc3
Qh5  5. d4  Bg4
6. Be2  Nc6  7. O-O  O-O-O
8. h3  Nxd4  9. Nxd4
Bxe2  10. Ncxe2  e5
11. Be3  exd4  12. Nxd4
Qxd1  13. Raxd1  Nd5
14. Bg5  Be7  15. Bxe7
Nxe7  16. Rfe1  Rhe8
17. Kf1  a6  18. Rd3
c5  19. Rde3  Rxd4
20. Rxe7  Rxe7  21. Rxe7
Rd7  22. Re5  b6
23. Ke2  Kd8  24. Ke3
f6  25. Re6  Re7
26. Rxe7  Kxe7  27. Ke4
Ke6  28. g4  b5
29. f4  g6  30. f5+  gxf5+
31. gxf5+  Kd6  32. c3
c4  33. Kd4  Kc6
34. h4  h5  35. a3
Kd6  36. Ke4  Kc5
37. Ke3  Kd5  38. Kf4
a5  39. Kf3  Ke5
40. Ke3  Kxf5  41. Kd4
a4  42. Kc5  Ke4
43. Kxb5  f5  44. Kxa4
f4  45. Kb5  Kd5
46. a4  f3  47. a5
f2  48. a6  f1=Q
49. a7  Qf8  0-1

[Event "MCR mladeze 2019 - FIDE Open"]
[Site "Kouty nad Desnou"]
[Date "2019.03.15"]
[Round "8"]
[White "Balin, Daniel"]
[Black "Kubicek, Antonin"]
[Result "0-1"]
[WhiteElo "1811"]
[BlackElo "2111"]
[EventDate "2019.03.09"]

1. e4  g6  2. d4  Bg7
3. Nc3  d6  4. Be3
Nd7  5. f3  c6
6. Qd2  Qc7  7. Nge2  b5
8. a3  Nb6  9. Nc1
a6  10. Nb3  Nc4
11. Bxc4  bxc4  12. Nc1
Nf6  13. O-O  O-O
14. N1e2  Rb8  15. Rab1
e5  16. dxe5  dxe5
17. Rfd1  Be6  18. Na4
Rfd8  19. Qc3  Rxd1+
20. Rxd1  Rd8  21. Rxd8+
Qxd8  22. Nc5  Qc8
23. Qa5  Bf8  24. Qxa6
Qxa6  25. Nxa6  Bc8
26. Nc5  Nd7  27. Nxd7
Bxd7  28. Nc3  f5
29. Na4  fxe4  30. fxe4
Kf7  31. Kf2  Bg4
32. Ke1  h5  33. Kd2
Be7  34. h3  Be6
35. Kc3  Bd8  36. Kb4
g5  37. Bb6  Be7+
38. Bc5  g4  39. Bxe7
Kxe7  40. hxg4  Bxg4
41. Nc3  h4  42. Kxc4
Bc8  43. b4  Ba6+
44. b5  cxb5+  45. Nxb5
Kf6  46. a4  Kg5
47. Kd3  Kf4  48. Ke2
Kxe4  49. c4  Kf4
50. Kf2  e4  51. c5
e3+  52. Ke2  Bb7
53. Kf1  Bxg2+  54. Kxg2
h3+  55. Kxh3  e2
56. Kh4  e1=Q+  57. Kh5
Qg1  58. Kh6  Qxc5
59. Kg6  Qc2+  60. Kf6
Qc6+  61. Ke7  Ke5
62. Kd8  Qb7  63. Nc7
Qa7  64. a5  Qxa5
65. Kc8  Kd6  66. Ne8+
Kc6  0-1

[Event "MCR mladeze 2019 - FIDE Open"]
[Site "Kouty nad Desnou"]
[Date "2019.03.15"]
[Round "8"]
[White "Malinovsky, Petr"]
[Black "Klubal, Jiri"]
[Result "1/2-1/2"]
[WhiteElo "2007"]
[BlackElo "1791"]
[EventDate "2019.03.09"]

1. d4  Nf6  2. c4  g6
3. Nc3  Bg7  4. e4
d6  5. f3  O-O
6. Be3  Nc6  7. Nge2  a6
8. Qd2  Rb8  9. Rc1
Bd7  10. g3  Re8
11. Bg2  b5  12. c5
dxc5  13. d5  Ne5
14. Bxc5  b4  15. Nd1
Bb5  16. O-O  Nd3
17. Rc2  Nxc5  18. Rxc5
Nxe4  19. fxe4  Bxe2
20. Re1  Bb5  21. Kh1
c6  22. Ne3  cxd5
23. exd5  Qd6  24. Rec1
Bh6  25. Qf2  Bg7
1/2-1/2

[Event "MCR mladeze 2019 - FIDE Open"]
[Site "Kouty nad Desnou"]
[Date "2019.03.15"]
[Round "8"]
[White "Vlkova, Anezka"]
[Black "Kupsa, Matej"]
[Result "1-0"]
[WhiteElo "1951"]
[BlackElo "1987"]
[EventDate "2019.03.09"]

1. e4  c5  2. Nc3  Nc6
3. g3  g6  4. Bg2
Bg7  5. d3  d6
6. Nge2  e5  7. Nd5  Nge7
8. Bg5  O-O  9. Nf6+
Kh8  10. Qd2  h6
11. h4  Qa5  12. c3
h5  13. g4  Ng8
14. Nxg8  Rxg8  15. gxh5  gxh5
16. Bf3  Bg4  17. Bxg4
hxg4  18. Ng3  Rae8
19. Bf6  Kh7  20. Qg5
Bxf6  21. Qf5+  Kg7
22. Nh5+  Kf8  23. Nxf6
Nd4  24. Qh7  Rg6
25. Qh8+  Ke7  26. Qxe8+
Kxf6  27. h5  Rh6
28. Qf8  Rh7  29. Qxd6+
Ne6  30. h6  Qb6
31. Qxb6  axb6  32. Kd2
Kg5  33. Rag1  Kf4
34. Rh4  Kf3  35. Ke1
Nf4  36. Rg3#  1-0